| 000 | 00420nam a22001697a 4500 | ||
|---|---|---|---|
| 003 | NUST - PNEC | ||
| 005 | 20170116180930.0 | ||
| 008 | 150905b xxu||||| |||| 00| 0 eng d | ||
| 020 | _a- | ||
| 040 | _cLIBRARY | ||
| 082 | _a621.367 TIS | ||
| 100 |
_98195 _aTischler, Morris |
||
| 245 |
_aOptoelectronics: A text-lab manual _cMorris Tischler |
||
| 260 | _c- | ||
| 650 |
_98197 _aOptoelectronics _xEL |
||
| 942 |
_2ddc _cBK |
||
| 999 |
_c65882 _d65882 |
||